Practical archaeogaming /

As a sequel to Archaeogaming: an Introduction to Archaeology in and of Video Games, the author focuses on the practical and applied side of the discipline, collecting recent digital fieldwork together in one place for the first time to share new methods in treating interactive digital built environm...

Full description

Bibliographic Details
Main Author: Reinhard, Andrew (Author)
Format: Book
Language:English
Published: New York : Berghahn, [2024].
Subjects:

MARC

Tag First Indicator Second Indicator Subfields
LEADER 00000cam a2200000 i 4500
001 in00004792191
003 OCoLC
005 20240802202401.4
008 240328t20242024nyuab b 001 0 eng
010 |a  2024014162 
040 |a DLC  |e rda  |c DLC 
020 |a 9781805395331  |q hardcover 
020 |a 1805395335  |q hardcover 
020 |z 9781805395348  |q electronic book 
020 |z 9781805395355  |q electronic book 
035 |a (OCoLC)1428710425 
050 0 0 |a CC79.I44  |b R46 2024 
082 0 0 |a 930.1028  |2 23/eng/20240403 
100 1 |a Reinhard, Andrew,  |e author. 
245 1 0 |a Practical archaeogaming /  |c Andrew Reinhard. 
264 1 |a New York :  |b Berghahn,  |c [2024]. 
264 4 |c ©2024. 
300 |a xv, 226 pages :  |b illustrations, maps ;  |c 24 cm. 
336 |a text  |b txt  |2 rdacontent 
337 |a unmediated  |b n  |2 rdamedia 
338 |a volume  |b nc  |2 rdacarrier 
504 |a Includes bibliographical references (pages 208-220) and index. 
505 0 |a Archaeogaming : The State of the Field in 2023 -- Rapid Archaeology of Human Constructions within Interactive Digital Built Environments : A Preliminary Assessment -- Adapting the Harris Matrix for Software Stratigraphy -- Archaeology of Abandoned Human Settlements in No Man's Sky : A New Approach to Recording and Preserving User-Generated Content in Digital Games -- Photogrammetry and GIS in Human-Occupied Digital Landscapes (with Sara Zaia) -- Photogrammetry and 3D Printing of 2D Digital Artifacts -- Case Study : Report on the Recovered "Atari Burial Ground" Material, Condition, and Post-Excavation Dispersal. 
520 |a As a sequel to Archaeogaming: an Introduction to Archaeology in and of Video Games, the author focuses on the practical and applied side of the discipline, collecting recent digital fieldwork together in one place for the first time to share new methods in treating interactive digital built environments as sites for archaeological investigation. Fully executed examples of practical and applied archaeogaming include the necessity of a rapid archaeology of digital built environments, the creation of a Harris matrix for software stratigraphy, the ethnographic work behind a human civilization trapped in an unstable digital landscape, how to conduct photogrammetry and GIS mapping in procedurally generated space and how to transform digital artifacts into printed three-dimensional objects. Additionally, the results of the 2014 Atari excavation in Alamogordo, New Mexico are summarized for the first time. 
650 0 |a Virtual reality in archaeology. 
650 0 |a Imaging systems in archaeology. 
650 0 |a Archaeology  |x Computer simulation. 
650 0 |a Video games  |x Technological innovations. 
945 |b 87639 
947 |a A14852491753 
948 |a dmitchel 8/2/24 3.20.10 
980 |b print  |c 40032294848  |f NONFIC/B  |g 565714  |k USD  |m 119.20  |q 1  |s AcqMono Conventional  |t Approval plan  |u Vendor order reference number  |v ZYBP  |y Print approval  |z Physical resource 
999 f f |i d480915d-6904-4578-9c5d-8406271d6ab5  |s 7edd03b1-5d3a-4de2-ba54-832cdcf67eba  |t 0 
952 f f |p normal  |a Texas A&M University  |b College Station  |c Sterling C. Evans Library  |d Evans: Library Stacks  |t 0  |e CC79.I44 R46 2024  |h Library of Congress classification  |i unmediated -- volume  |m A14852491753 
998 f f |a CC79.I44 R46 2024  |t 0  |l Evans: Library Stacks